[Event "9th Novi Sad it"]
[Site "Novi Sad"]
[Date "1982.10.08"]
[EventDate "1982.10.08"]
[Round "1.1"]
[White "Quinteros, Miguel Angel"]
[Black "Gheorghiu, Florin"]
[Result "1/2-1/2"]
[WhiteElo "2520"]
[BlackElo "2535"]
[PlyCount "103"]
[Source "Perpetual Check"]

1. d4 Nf6 2. c4 e6 3. g3 c5 4. d5 exd5 5. cxd5 d6 6. Nc3 g6 7. Bg2 Bg7 8. Nf3
O-O 9. O-O Re8 10. Nd2 Nbd7 11. h3 a6 12. a4 Rb8 13. Nc4 Nb6 14. Na3 Bd7 15. e4
Qc7 16. Qd3 Nc8 17. Be3 b5 18. axb5 c4 19. Qxc4 Qxc4 20. Nxc4 axb5 21. Nd2 b4
22. Nd1 Bb5 23. Re1 Bd3 24. f3 Nd7 25. Bf1 Bc2 26. Nc4 Ne5 27. Nxe5 Bxe5 28.
Kf2 Bxd1 29. Rexd1 Bxb2 30. Rab1 Bc3 31. Bd4 Nb6 32. Bxc3 bxc3 33. Rdc1 Rec8
34. Ba6 Rc5 35. Be2 Rcc8 36. Ba6 Rc5 37. Bd3 Rcc8 38. Rb4 Kg7 39. Ke2 Nd7 40.
Rxb8 Nxb8 41. Ke3 Nd7 42. f4 Nf6 43. g4 g5 44. fxg5 Nd7 45. Rc2 Ne5 46. Be2 Ng6
47. Kd4 f6 48. gxf6+ Kxf6 49. Bb5 Ne5 50. Bc6 Kg5 51. Rxc3 Rb8 52. Ke3 1/2-1/2

[Event "9th Novi Sad it"]
[Site "Novi Sad"]
[Date "1982.10.08"]
[EventDate "1982.10.08"]
[Round "1.2"]
[White "Razuvaev, Yury"]
[Black "Romanishin, Oleg"]
[Result "1/2-1/2"]
[WhiteElo "2495"]
[BlackElo "2585"]
[PlyCount "55"]
[Source "Perpetual Check"]

1. d4 Nf6 2. c4 e6 3. Nf3 c5 4. d5 exd5 5. cxd5 d6 6. Nc3 g6 7. g3 Bg7 8. Bg2
O-O 9. O-O Nbd7 10. h3 a6 11. a4 Re8 12. Re1 Ne4 13. Nxe4 Rxe4 14. Bg5 Qe8 15.
Ra2 h6 16. Bf4 Qe7 17. b3 g5 18. Bc1 c4 19. bxc4 Rxc4 20. Nd2 Rc7 21. Bb2 Ne5
22. Qb3 Bd7 23. f4 Ng6 24. Bxg7 Kxg7 25. Qb6 Rac8 26. Ne4 gxf4 27. Qxd6 Rc1 28.
Ra1 1/2-1/2

[Event "9th Novi Sad it"]
[Site "Novi Sad"]
[Date "1982.10.08"]
[EventDate "1982.10.08"]
[Round "1.3"]
[White "Van der Wiel, John"]
[Black "Suetin, Alexei"]
[Result "1/2-1/2"]
[WhiteElo "2520"]
[BlackElo "2435"]
[PlyCount "81"]
[Source "Perpetual Check"]

1. e4 c5 2. Nf3 a6 3. g3 Nc6 4. Bg2 Nf6 5. Nc3 d6 6. d4 cxd4 7. Nxd4 Bd7 8.
Nde2 e6 9. O-O Be7 10. h3 b5 11. f4 Rc8 12. g4 b4 13. Nb1 d5 14. Nd2 Bc5+ 15.
Kh2 h5 16. g5 Nxe4 17. Nxe4 dxe4 18. Ng3 g6 19. Nxe4 Be7 20. b3 Qc7 21. Bb2 O-O
22. a3 e5 23. fxe5 Nxe5 24. Kh1 Bb5 25. Nf6+ Bxf6 26. Rxf6 Bc6 27. Bxc6 Nxc6
28. Qd5 Ne7 29. Qd4 Nc6 30. Qe4 Ne7 31. Qd4 Nc6 32. Rxg6+ fxg6 33. Qh8+ Kf7 34.
Rf1+ Ke6 35. Rxf8 Rxf8 36. Qxf8 Qg3 37. Qf1 bxa3 38. Bxa3 Ne5 39. Qf6+ Kd5 40.
Qd8+ Ke4 41. Qa8+ 1/2-1/2

[Event "9th Novi Sad it"]
[Site "Novi Sad"]
[Date "1982.10.08"]
[EventDate "1982.10.08"]
[Round "1.5"]
[White "Smejkal, Jan"]
[Black "Nikolic, Predrag"]
[Result "1-0"]
[WhiteElo "2565"]
[BlackElo "2530"]
[PlyCount "114"]
[Source "Perpetual Check"]

1. c4 c6 2. Nf3 Nf6 3. d4 d5 4. Nc3 e6 5. cxd5 cxd5 6. Bf4 Nc6 7. e3 Nh5 8. Bg5
Qb6 9. Bb5 h6 10. Bh4 g5 11. Ne5 Ng7 12. Bg3 Nf5 13. Qa4 Nxg3 14. hxg3 Bd7 15.
Nxd7 Kxd7 16. e4 a6 17. exd5 exd5 18. O-O Rd8 19. Bxc6+ Qxc6 20. Qa5 Kc8 21.
Rac1 Qd7 22. b4 Kb8 23. b5 Qc7 24. Qxc7+ Kxc7 25. bxa6 bxa6 26. Nxd5+ Kb7 27.
Rb1+ Ka7 28. Nb6 Rxd4 29. Rfc1 Rb4 30. Rxb4 Bxb4 31. Nd5 Bd6 32. Kf1 Re8 33.
Rc6 Re6 34. g4 Be5 35. Rc2 Kb7 36. Ke2 Rd6 37. Ne3 Rf6 38. Nc4 Rf4 39. g3 Rd4
40. Ne3 Rd8 41. Nf5 Rh8 42. Kf3 f6 43. Ke4 h5 44. gxh5 Rxh5 45. Ne3 Rh1 46. Kf5
Rb1 47. Nd5 Rf1 48. f4 gxf4 49. gxf4 Ba1 50. Rc7+ Kb8 51. Rc4 Rb1 52. a4 Kb7
53. Nxf6 Rd1 54. Ng4 Kb6 55. Ne5 Rd4 56. Ke6 Rd1 57. Re4 Bc3 1-0

[Event "9th Novi Sad it"]
[Site "Novi Sad"]
[Date "1982.10.08"]
[EventDate "1982.10.08"]
[Round "1.6"]
[White "Bjelajac, Milan"]
[Black "Gligoric, Svetozar"]
[Result "1/2-1/2"]
[WhiteElo "2400"]
[BlackElo "2530"]
[PlyCount "55"]
[Source "Perpetual Check"]

1. e4 e5 2. Nf3 Nc6 3. Bb5 a6 4. Ba4 Nf6 5. O-O Be7 6. Bxc6 dxc6 7. Nc3 Bg4 8.
h3 Bh5 9. g4 Bg6 10. Nxe5 Nxe4 11. Nxg6 Nxc3 12. dxc3 hxg6 13. Qxd8+ Rxd8 14.
Kg2 Bd6 15. Be3 Kd7 16. Rad1 Rde8 17. Rfe1 c5 18. f3 Kc6 19. Bf2 g5 20. Bg3 b5
21. Rxe8 Rxe8 22. Re1 Rxe1 23. Bxe1 Kd5 24. Kf2 Bf4 25. Ke2 c4 26. Kd1 a5 27.
Bf2 a4 28. b3 1/2-1/2

[Event "9th Novi Sad it"]
[Site "Novi Sad"]
[Date "1982.10.08"]
[EventDate "1982.10.08"]
[Round "1.7"]
[White "Kurajica, Bojan"]
[Black "Popovic, Petar"]
[Result "1/2-1/2"]
[WhiteElo "2545"]
[BlackElo "2460"]
[PlyCount "30"]
[Source "Perpetual Check"]

1. e4 e5 2. Nf3 Nf6 3. Nxe5 d6 4. Nf3 Nxe4 5. Qe2 Qe7 6. d3 Nf6 7. Bg5 Qxe2+ 8.
Bxe2 Nbd7 9. O-O Be7 10. Re1 h6 11. Bd2 O-O 12. Bf1 Re8 13. Nc3 c6 14. Ne4 d5
15. Ng3 Nc5 1/2-1/2

[Event "9th Novi Sad it"]
[Site "Novi Sad"]
[Date "1982.10.09"]
[EventDate "1982.10.08"]
[Round "2.1"]
[White "Gheorghiu, Florin"]
[Black "Popovic, Petar"]
[Result "1/2-1/2"]
[WhiteElo "2535"]
[BlackElo "2460"]
[PlyCount "33"]
[Source "Perpetual Check"]

1. c4 Nf6 2. Nc3 d5 3. cxd5 Nxd5 4. Nf3 g6 5. Qa4+ Bd7 6. Qh4 Nf6 7. d4 Bg4 8.
Bg5 Bxf3 9. Bxf6 exf6 10. gxf3 Be7 11. Qe4 c6 12. f4 f5 13. Qd3 Bd6 14. e3 Qe7
15. O-O-O Nd7 16. Bg2 a6 17. Kb1 1/2-1/2

[Event "9th Novi Sad it"]
[Site "Novi Sad"]
[Date "1982.10.09"]
[EventDate "1982.10.08"]
[Round "2.3"]
[White "Nikolic, Predrag"]
[Black "Bjelajac, Milan"]
[Result "0-1"]
[WhiteElo "2530"]
[BlackElo "2400"]
[PlyCount "48"]
[Source "Perpetual Check"]

1. d4 f5 2. g3 Nf6 3. Bg2 g6 4. Nh3 Bg7 5. O-O O-O 6. Nf4 e6 7. c4 d6 8. Qb3
Na6 9. Nc3 c6 10. Rd1 Qc7 11. e4 fxe4 12. Nxe4 Nxe4 13. Bxe4 e5 14. dxe5 Nc5
15. Qe3 Nxe4 16. Qxe4 Bxe5 17. Qe2 Bf5 18. Nd3 Bd4 19. Bf4 Rae8 20. Qd2 c5 21.
Nb4 Be4 22. Nc2 Bxb2 23. Bxd6 Qf7 24. Re1 Bc3 0-1

[Event "9th Novi Sad it"]
[Site "Novi Sad"]
[Date "1982.10.09"]
[EventDate "1982.10.08"]
[Round "2.4"]
[White "Deze, Anton"]
[Black "Smejkal, Jan"]
[Result "0-1"]
[WhiteElo "2435"]
[BlackElo "2565"]
[PlyCount "120"]
[Source "Perpetual Check"]

1. d4 Nf6 2. c4 g6 3. Nc3 d5 4. Nf3 Bg7 5. cxd5 Nxd5 6. e4 Nxc3 7. bxc3 c5 8.
Be3 Qa5 9. Qd2 Nc6 10. Rb1 a6 11. Rc1 cxd4 12. cxd4 Qxd2+ 13. Kxd2 e6 14. Bd3
O-O 15. Rc4 f5 16. Ke2 Bd7 17. Rhc1 Rfc8 18. d5 exd5 19. exd5 Ne5 20. Rxc8+
Rxc8 21. Rxc8+ Bxc8 22. Nxe5 Bxe5 23. a4 Kf7 24. g3 Bd7 25. a5 Ke7 26. Bc4 Bb5
27. Kd3 Bc7 28. Bd2 Bxc4+ 29. Kxc4 b6 30. Bb4+ Kd7 31. axb6 Bxb6 32. f3 Bc7 33.
Bd2 h5 34. Be1 g5 35. Bd2 g4 36. fxg4 fxg4 37. Be3 Bd6 38. Bf2 a5 39. Kb5 Bb4
40. Kc4 Kd6 41. Be3 Be1 42. Bf4+ Kd7 43. Kb5 Bf2 44. Kxa5 Bg1 45. Kb5 Bxh2 46.
Kc4 h4 47. Kd3 h3 48. Ke2 Bg1 49. Kf1 Bc5 50. Bb8 Bd6 51. Ba7 Bxg3 52. Kg1 Be5
53. Bf2 Kd6 54. Kh1 Kxd5 55. Be1 Ke4 56. Bh4 Kf3 57. Bf2 Bf6 58. Be1 Bg5 59.
Kh2 Be3 60. Bh4 Bf2 0-1

[Event "9th Novi Sad it"]
[Site "Novi Sad"]
[Date "1982.10.09"]
[EventDate "1982.10.08"]
[Round "2.5"]
[White "Suetin, Alexei"]
[Black "Ribli, Zoltan"]
[Result "0-1"]
[WhiteElo "2435"]
[BlackElo "2580"]
[PlyCount "76"]
[Source "Perpetual Check"]

1. e4 c5 2. Ne2 d6 3. Nbc3 e6 4. g3 Nf6 5. Bg2 Be7 6. O-O a6 7. d3 Nc6 8. h3
Qc7 9. Be3 b5 10. f4 Bb7 11. f5 b4 12. Na4 exf5 13. Rxf5 Ne5 14. a3 a5 15. c3
bxa3 16. Rxa3 c4 17. d4 Nd3 18. d5 Nd7 19. b3 O-O 20. Nd4 N7e5 21. Rf1 g6 22.
Nb5 Qd7 23. bxc4 Nxc4 24. Qxd3 Nxa3 25. c4 Nxb5 26. cxb5 Rab8 27. Nb6 Qd8 28.
Qa3 Re8 29. Bd4 Bc8 30. Qxa5 Qc7 31. Ra1 Bd8 32. Nxc8 Qxa5 33. Rxa5 Bxa5 34.
Nxd6 Red8 35. Nc4 Rxb5 36. Bf6 Ra8 37. Nd6 Bb6+ 38. Kh2 Rb1 0-1

[Event "9th Novi Sad it"]
[Site "Novi Sad"]
[Date "1982.10.09"]
[EventDate "1982.10.08"]
[Round "2.6"]
[White "Romanishin, Oleg"]
[Black "Van der Wiel, John"]
[Result "1/2-1/2"]
[WhiteElo "2585"]
[BlackElo "2520"]
[PlyCount "84"]
[Source "Perpetual Check"]

1. c4 g6 2. Nf3 Bg7 3. d4 d6 4. g3 c5 5. Bg2 Nc6 6. d5 Na5 7. O-O a6 8. Na3 Rb8
9. e4 b5 10. Qe2 Nxc4 11. Nxc4 bxc4 12. e5 Bf5 13. Qxc4 dxe5 14. Qxa6 Qxd5 15.
Ng5 Qd6 16. Qa4+ Bd7 17. Qc4 Nh6 18. Ne4 Qd4 19. Qxc5 Nf5 20. a4 Rc8 21. Qa3
O-O 22. b4 Rc2 23. Nc5 e4 24. Nxd7 Qxd7 25. Bxe4 Nd4 26. Be3 Rc4 27. Rad1 Qd6
28. a5 Qxb4 29. Qxb4 Rxb4 30. Kg2 Nb3 31. Bd5 Nxa5 32. Bc5 Rb5 33. Bxe7 Re8 34.
Rfe1 Bf8 35. Bb4 Rxe1 36. Bxe1 Bb4 37. Rb1 Rxd5 38. Rxb4 Nc6 39. Rc4 Rd6 40.
Bc3 f6 41. Ra4 Kf7 42. Ra6 h5 1/2-1/2

[Event "9th Novi Sad it"]
[Site "Novi Sad"]
[Date "1982.10.10"]
[EventDate "1982.10.08"]
[Round "3.1"]
[White "Razuvaev, Yury"]
[Black "Gheorghiu, Florin"]
[Result "1/2-1/2"]
[WhiteElo "2495"]
[BlackElo "2535"]
[PlyCount "41"]
[Source "Perpetual Check"]

1. d4 Nf6 2. Nf3 e6 3. c4 b6 4. g3 Ba6 5. Nbd2 Bb7 6. Bg2 c5 7. e4 cxd4 8. e5
Ng4 9. O-O Qc7 10. Re1 h5 11. h3 Nh6 12. Nxd4 Bxg2 13. Kxg2 Nc6 14. Nb5 Qb7 15.
Ne4 Nf5 16. Bf4 a6 17. Nbc3 Nce7 18. Qf3 Rb8 19. Rad1 Ng6 20. Kg1 Be7 21. Rd3
1/2-1/2

[Event "9th Novi Sad it"]
[Site "Novi Sad"]
[Date "1982.10.10"]
[EventDate "1982.10.08"]
[Round "3.2"]
[White "Van der Wiel, John"]
[Black "Quinteros, Miguel Angel"]
[Result "1/2-1/2"]
[WhiteElo "2520"]
[BlackElo "2520"]
[PlyCount "66"]
[Source "Perpetual Check"]

1. e4 c5 2. Nf3 d6 3. d4 cxd4 4. Nxd4 Nf6 5. Nc3 a6 6. Bg5 e6 7. f4 Qb6 8. Qd2
Qxb2 9. Rb1 Qa3 10. Be2 Be7 11. e5 dxe5 12. fxe5 Nfd7 13. Rb3 Bxg5 14. Qxg5 Qa5
15. Qxg7 Qxe5 16. Qg4 h5 17. Qe4 Qxe4 18. Nxe4 Ke7 19. O-O Ne5 20. Rg3 Bd7 21.
Rg5 f5 22. Nc5 b6 23. Nxd7 Nbxd7 24. Bxh5 Rac8 25. Be2 Rh4 26. Bxa6 Ra8 27. Bb7
Rxa2 28. Rd1 Kf6 29. Rg8 Nc5 30. Rf8+ Ke7 31. Rc8 Kf6 32. Rf8+ Ke7 33. Rc8 Kf6
1/2-1/2

[Event "9th Novi Sad it"]
[Site "Novi Sad"]
[Date "1982.10.10"]
[EventDate "1982.10.08"]
[Round "3.4"]
[White "Smejkal, Jan"]
[Black "Suetin, Alexei"]
[Result "0-1"]
[WhiteElo "2565"]
[BlackElo "2435"]
[PlyCount "116"]
[Source "Perpetual Check"]

1. Nf3 Nf6 2. c4 c5 3. Nc3 d5 4. cxd5 Nxd5 5. g3 Nc6 6. Bg2 Nc7 7. d3 e5 8. O-O
Be7 9. Nd2 Bd7 10. Nc4 f6 11. f4 b5 12. Ne3 Rc8 13. f5 O-O 14. Bd2 Nd4 15. Rc1
Be8 16. Ne4 Na6 17. Nd5 Bh5 18. Rf2 Kh8 19. Nxe7 Qxe7 20. h3 Bf7 21. b3 Nc6 22.
g4 Ncb4 23. a3 Nc6 24. Rb1 Nab8 25. b4 c4 26. dxc4 Bxc4 27. Be3 Rfd8 28. Qc2
Nd4 29. Qb2 Nbc6 30. Kh1 a5 31. Nc3 axb4 32. axb4 Nxb4 33. Qxb4 Qxb4 34. Rxb4
Nc2 35. Rxc4 Rxc4 36. Bb6 Rd6 37. Nd5 Ne1 38. e4 Nxg2 39. Kxg2 Rxe4 40. Rc2 Rc4
41. Ra2 Ra4 42. Rc2 Rc4 43. Ra2 h5 44. Ne7 Kh7 45. Ng6 Rdc6 46. Kf3 Rc3+ 47.
Be3 b4 48. Ra5 hxg4+ 49. hxg4 Ra3 50. Rb5 Rcc3 51. Nf8+ Kg8 52. Rb8 Rxe3+ 53.
Kf2 g5 54. Ng6+ Kf7 55. Rf8+ Kg7 56. Re8 Reb3 57. Re7+ Kh6 58. Nf8 Ra2+ 0-1

[Event "9th Novi Sad it"]
[Site "Novi Sad"]
[Date "1982.10.10"]
[EventDate "1982.10.08"]
[Round "3.5"]
[White "Bjelajac, Milan"]
[Black "Deze, Anton"]
[Result "0-1"]
[WhiteElo "2400"]
[BlackElo "2435"]
[PlyCount "70"]
[Source "Perpetual Check"]

1. e4 e6 2. d4 d5 3. e5 c5 4. c3 Nc6 5. Nf3 Bd7 6. Bd3 f6 7. exf6 Nxf6 8. O-O
cxd4 9. cxd4 Bd6 10. Re1 O-O 11. Nc3 a6 12. Bf1 Qc7 13. g3 Rae8 14. Bg2 Kh8 15.
Bg5 b5 16. a3 Qb6 17. Ne5 Bxe5 18. dxe5 Ng8 19. Re2 Nge7 20. Kh1 Bc8 21. Bxe7
Rxe7 22. f4 Bb7 23. Qd3 Rc7 24. Rf1 Ne7 25. Rd2 Nf5 26. Re1 Rc4 27. Ne2 a5 28.
b3 Re4 29. Rc1 Re3 30. Qc2 b4 31. axb4 axb4 32. Qc7 Qxc7 33. Rxc7 Ba6 34. Bf1
Rxb3 35. Nc1 Rc3 0-1

[Event "9th Novi Sad it"]
[Site "Novi Sad"]
[Date "1982.10.10"]
[EventDate "1982.10.08"]
[Round "3.7"]
[White "Popovic, Petar"]
[Black "Gligoric, Svetozar"]
[Result "1/2-1/2"]
[WhiteElo "2460"]
[BlackElo "2530"]
[PlyCount "81"]
[Source "Perpetual Check"]

1. e4 e5 2. Nf3 Nc6 3. Bb5 a6 4. Ba4 Nf6 5. O-O Be7 6. Re1 b5 7. Bb3 d6 8. c3
O-O 9. h3 Bb7 10. d4 Re8 11. Nbd2 Bf8 12. a4 h6 13. Bc2 Rb8 14. d5 Ne7 15. b3
c6 16. c4 Ng6 17. Bd3 Qc7 18. Bf1 bxc4 19. bxc4 Bc8 20. Nb3 cxd5 21. exd5 Bd7
22. Bd2 e4 23. Nfd4 Ne5 24. Na5 g6 25. Qc1 Bg7 26. Qa3 Qb6 27. Nab3 Rbc8 28.
Rac1 Nd3 29. Bxd3 exd3 30. Be3 Qc7 31. Nd2 Ne4 32. Nxe4 Rxe4 33. Qxd3 Rce8 34.
Nc6 Bxc6 35. dxc6 Qxc6 36. a5 Bd4 37. Bd2 Rxe1+ 38. Rxe1 Rxe1+ 39. Bxe1 Qc5 40.
Kf1 h5 41. g3 1/2-1/2

[Event "9th Novi Sad it"]
[Site "Novi Sad"]
[Date "1982.10.11"]
[EventDate "1982.10.08"]
[Round "4.1"]
[White "Gheorghiu, Florin"]
[Black "Gligoric, Svetozar"]
[Result "1-0"]
[WhiteElo "2535"]
[BlackElo "2530"]
[PlyCount "179"]
[Source "Perpetual Check"]

1. d4 d5 2. c4 e6 3. Nc3 c5 4. cxd5 exd5 5. Nf3 Nc6 6. g3 Nf6 7. Bg2 Be7 8. O-O
O-O 9. dxc5 Bxc5 10. Na4 Be7 11. Be3 Ne4 12. Rc1 Re8 13. Nd4 Bd7 14. Nc3 Nxd4
15. Bxd4 Bc6 16. Qd3 a5 17. Rfd1 Bb4 18. e3 Bxc3 19. Bxc3 a4 20. Bd4 Qe7 21.
Qe2 Qg5 22. Qf3 Qg6 23. h4 Nd6 24. Qf4 h6 25. Bf3 Ne4 26. Qg4 Qxg4 27. Bxg4 Nd6
28. Bc5 Nc4 29. Bd4 Nd6 30. Rc2 Nb5 31. Bc5 Re4 32. Be2 Rae8 33. Bd3 R4e5 34.
f3 Ra8 35. Kf2 Ree8 36. Bxb5 Bxb5 37. Rxd5 Bc6 38. Rdd2 h5 39. Bd4 Ra5 40. e4
f5 41. e5 Rd5 42. Ke3 Red8 43. Rc4 Kf7 44. Rdc2 R5d7 45. R2c3 Rd5 46. a3 R5d7
47. Rxc6 bxc6 48. Rc4 c5 49. Bc3 Ra8 50. Rxc5 Ra6 51. Kf4 Kg6 52. Rc8 Rb7 53.
Re8 Rbb6 54. Re7 Re6 55. Rd7 Rac6 56. Ke3 Ra6 57. Kd4 Kh7 58. Kd5 Kg8 59. Bb4
Re8 60. Rd6 Raa8 61. e6 Red8 62. Rd7 Kh7 63. Bc3 Kg6 64. Ke5 Rac8 65. Kd6 Ra8
66. Bxg7 Re8 67. Bc3 Ra6+ 68. Ke5 Raxe6+ 69. Kf4 R8e7 70. Rd4 Ra6 71. Rc4 Ree6
72. Rc7 Rac6 73. Rg7+ Kh6 74. Ra7 Rc5 75. Rxa4 Rd5 76. Rd4 Rxd4+ 77. Bxd4 Kg6
78. a4 Ra6 79. b3 Ra8 80. Bb6 Rc8 81. Ke5 Rc3 82. b4 Rxf3 83. a5 Ra3 84. Bc5
Kf7 85. Kxf5 Ke8 86. g4 hxg4 87. Kxg4 Kd7 88. h5 Ke6 89. h6 Ra2 90. a6 1-0

[Event "9th Novi Sad it"]
[Site "Novi Sad"]
[Date "1982.10.11"]
[EventDate "1982.10.08"]
[Round "4.3"]
[White "Deze, Anton"]
[Black "Kurajica, Bojan"]
[Result "0-1"]
[WhiteElo "2435"]
[BlackElo "2545"]
[PlyCount "66"]
[Source "Perpetual Check"]

1. c4 e5 2. Nc3 Nc6 3. Nf3 f5 4. d4 e4 5. Bg5 Be7 6. Bxe7 Ncxe7 7. Nd2 Nf6 8.
e3 O-O 9. Qb3 b6 10. h3 Bb7 11. O-O-O Rb8 12. f4 exf3 13. gxf3 c5 14. dxc5 bxc5
15. Qc2 Kh8 16. Rg1 Qb6 17. Nb3 Bxf3 18. Be2 Bc6 19. Rd6 Qc7 20. Rgd1 Ne8 21.
R6d2 Qe5 22. Qd3 Rd8 23. Nd5 Bxd5 24. cxd5 c4 25. Qd4 Qxd4 26. Nxd4 Nd6 27. Nc2
Rc8 28. Rd4 Ng6 29. Na3 Rfe8 30. Nc2 Ne5 31. Rf1 g6 32. h4 Rc5 33. Rfd1 Rb8 0-1

[Event "9th Novi Sad it"]
[Site "Novi Sad"]
[Date "1982.10.11"]
[EventDate "1982.10.08"]
[Round "4.4"]
[White "Suetin, Alexei"]
[Black "Bjelajac, Milan"]
[Result "1/2-1/2"]
[WhiteElo "2435"]
[BlackElo "2400"]
[PlyCount "78"]
[Source "Perpetual Check"]

1. e4 c5 2. Nf3 Nc6 3. d4 cxd4 4. Nxd4 Nf6 5. Nc3 e5 6. Ndb5 d6 7. Bg5 a6 8.
Na3 Be6 9. Nc4 Rc8 10. Bxf6 gxf6 11. Ne3 Bh6 12. Ncd5 Bxe3 13. Nxe3 Qb6 14. Qb1
Ne7 15. c3 d5 16. Bd3 d4 17. cxd4 Qb4+ 18. Ke2 exd4 19. Nc2 Qc5 20. Qd1 Ng6 21.
Qd2 Qe5 22. g3 Qh5+ 23. f3 Ne5 24. Ne1 Rg8 25. Kf2 Qg5 26. Rd1 Bxa2 27. Be2
Qxd2 28. Rxd2 Nc6 29. f4 Ke7 30. Nf3 Rcd8 31. Rc1 Rd6 32. Bc4 Bxc4 33. Rxc4
Rgd8 34. Nh4 Kf8 35. Nf5 Re6 36. Kf3 Rde8 37. Re2 Rd8 38. Rd2 Rde8 39. Re2 Rd8
1/2-1/2

[Event "9th Novi Sad it"]
[Site "Novi Sad"]
[Date "1982.10.11"]
[EventDate "1982.10.08"]
[Round "4.5"]
[White "Romanishin, Oleg"]
[Black "Smejkal, Jan"]
[Result "1-0"]
[WhiteElo "2585"]
[BlackElo "2565"]
[PlyCount "71"]
[Source "Perpetual Check"]

1. e4 e5 2. Nf3 Nc6 3. Bb5 a6 4. Ba4 Nf6 5. O-O Be7 6. Re1 b5 7. Bb3 d6 8. c3
O-O 9. h3 Bb7 10. d4 Re8 11. Nbd2 Bf8 12. a3 h6 13. Bc2 Nb8 14. b4 Nbd7 15. Bb2
c5 16. d5 Qc7 17. Bd3 Nb6 18. Rc1 c4 19. Bf1 g6 20. g3 Nh7 21. Qc2 Qd7 22. Rcd1
Be7 23. Bg2 Rf8 24. Nf1 f5 25. Bc1 Kg7 26. Be3 Bd8 27. Qd2 g5 28. exf5 Qxf5 29.
g4 Qg6 30. Ng3 Bc8 31. Nd4 exd4 32. Bxd4+ Rf6 33. Be4 Qf7 34. Nh5+ Kf8 35. Bxh7
Rf3 36. Bg7+ 1-0

[Event "9th Novi Sad it"]
[Site "Novi Sad"]
[Date "1982.10.11"]
[EventDate "1982.10.08"]
[Round "4.6"]
[White "Quinteros, Miguel Angel"]
[Black "Ribli, Zoltan"]
[Result "1/2-1/2"]
[WhiteElo "2520"]
[BlackElo "2580"]
[PlyCount "44"]
[Source "Perpetual Check"]

1. c4 c5 2. Nf3 Nf6 3. Nc3 e6 4. d4 cxd4 5. Nxd4 a6 6. e4 Bb4 7. Bd3 Nc6 8. Bc2
Ne5 9. f4 Nxc4 10. e5 Ne4 11. Qd3 b5 12. O-O Nxc3 13. bxc3 Bc5 14. a4 Bb7 15.
Rb1 Qb6 16. Kh1 Bxd4 17. cxd4 Bd5 18. f5 exf5 19. Rxf5 Qc6 20. Rf2 h5 21. h4
bxa4 22. Qg3 Kf8 1/2-1/2

[Event "9th Novi Sad it"]
[Site "Novi Sad"]
[Date "1982.10.11"]
[EventDate "1982.10.08"]
[Round "4.7"]
[White "Razuvaev, Yury"]
[Black "Van der Wiel, John"]
[Result "1/2-1/2"]
[WhiteElo "2495"]
[BlackElo "2520"]
[PlyCount "39"]
[Source "Perpetual Check"]

1. Nf3 e6 2. g3 b6 3. d4 c5 4. Bg2 Bb7 5. e3 Nf6 6. O-O Be7 7. b3 cxd4 8. exd4
O-O 9. Bb2 b5 10. c4 bxc4 11. bxc4 Qc7 12. Nbd2 d6 13. Re1 Re8 14. Nh4 Nfd7 15.
Nhf3 Na6 16. Rc1 Rab8 17. Bc3 Bf6 18. h4 e5 19. Nb3 exd4 20. Rxe8+ 1/2-1/2

[Event "9th Novi Sad it"]
[Site "Novi Sad"]
[Date "1982.10.13"]
[EventDate "1982.10.08"]
[Round "5.1"]
[White "Van der Wiel, John"]
[Black "Gheorghiu, Florin"]
[Result "1/2-1/2"]
[WhiteElo "2520"]
[BlackElo "2535"]
[PlyCount "29"]
[Source "Perpetual Check"]

1. e4 c5 2. Nf3 e6 3. d4 cxd4 4. Nxd4 a6 5. Bd3 Nf6 6. O-O d6 7. b3 Nbd7 8. c4
b6 9. Nc3 Bb7 10. Qe2 g6 11. a3 Be7 12. Rd1 O-O 13. Bb1 Re8 14. Qd2 Nc5 15. f3
1/2-1/2

[Event "9th Novi Sad it"]
[Site "Novi Sad"]
[Date "1982.10.13"]
[EventDate "1982.10.08"]
[Round "5.2"]
[White "Ribli, Zoltan"]
[Black "Razuvaev, Yury"]
[Result "1/2-1/2"]
[WhiteElo "2580"]
[BlackElo "2495"]
[PlyCount "53"]
[Source "Perpetual Check"]

1. Nf3 Nf6 2. c4 e6 3. Nc3 b6 4. g3 Bb7 5. Bg2 Be7 6. O-O O-O 7. d4 Ne4 8. Bd2
d5 9. cxd5 exd5 10. Rc1 Nd7 11. Qb3 Ndf6 12. Rfd1 c5 13. dxc5 Bxc5 14. Be1 Qe7
15. Nb5 Ng4 16. Nbd4 Rfe8 17. e3 h5 18. Qc2 a5 19. a3 a4 20. h3 Ne5 21. Nxe5
Qxe5 22. Bb4 Rec8 23. Qe2 Ba6 24. Qf3 Bxd4 25. exd4 Qg5 26. Qf4 Qxf4 27. gxf4
1/2-1/2

[Event "9th Novi Sad it"]
[Site "Novi Sad"]
[Date "1982.10.13"]
[EventDate "1982.10.08"]
[Round "5.4"]
[White "Bjelajac, Milan"]
[Black "Romanishin, Oleg"]
[Result "1-0"]
[WhiteElo "2400"]
[BlackElo "2585"]
[PlyCount "115"]
[Source "Perpetual Check"]

1. f4 Nf6 2. Nf3 g6 3. g3 Bg7 4. Bg2 O-O 5. O-O d5 6. d3 c6 7. Kh1 Qb6 8. c3
Ng4 9. Qe1 Nd7 10. h3 Ne3 11. Bxe3 Qxe3 12. d4 h6 13. Nbd2 b6 14. Nh4 Ba6 15.
Rf3 Qxe2 16. Qxe2 Bxe2 17. Re3 Ba6 18. Rxe7 Rad8 19. Nhf3 Rfe8 20. Rae1 Rxe7
21. Rxe7 Kf8 22. Re1 Re8 23. Rxe8+ Kxe8 24. Kg1 f6 25. Bf1 Bc8 26. Bd3 Kf7 27.
f5 g5 28. h4 Bf8 29. h5 Bd6 30. Kf2 Nb8 31. Nf1 Na6 32. Ne3 Nc7 33. Nd2 Bd7 34.
Bc2 Be8 35. Bd1 Bf8 36. Bf3 Nb5 37. Ke2 Nd6 38. Kd3 Bd7 39. g4 Nc8 40. Kc2 Bd6
41. Nb3 Ke7 42. Nd2 Be8 43. Kd3 Bf4 44. Ng2 Bc7 45. Ne3 Kd6 46. b3 Ne7 47. Bg2
Bf7 48. Bf3 Kd7 49. b4 Bb8 50. Nb3 Kd6 51. Nd2 Be8 52. Kc2 c5 53. Bxd5 cxd4 54.
cxd4 Nc6 55. Kc3 a5 56. b5 Nd8 57. Bc4 Nf7 58. Nd5 1-0

[Event "9th Novi Sad it"]
[Site "Novi Sad"]
[Date "1982.10.13"]
[EventDate "1982.10.08"]
[Round "5.5"]
[White "Kurajica, Bojan"]
[Black "Suetin, Alexei"]
[Result "1-0"]
[WhiteElo "2545"]
[BlackElo "2435"]
[PlyCount "86"]
[Source "Perpetual Check"]

1. e4 c5 2. Nf3 e6 3. d4 cxd4 4. Nxd4 a6 5. Bd3 Bc5 6. Nb3 Bb6 7. Qe2 Nc6 8.
Be3 Nf6 9. N1d2 d5 10. Bg5 Ne5 11. O-O-O O-O 12. Kb1 h6 13. Bh4 Ng6 14. Bg3 a5
15. a3 a4 16. Nc1 Bc5 17. e5 Nd7 18. f4 f5 19. exf6 Rxf6 20. Bxg6 Rxg6 21. Nd3
Bd6 22. Nf3 Qb6 23. Bf2 Qc7 24. Bd4 Bxf4 25. Nh4 Rg5 26. Qxe6+ Kh7 27. Nf3 Rg6
28. Qxd5 Nf6 29. Bxf6 Rxf6 30. Qe4+ Kg8 31. Rhe1 Ra5 32. Nxf4 Rxf4 33. Rd8+
Qxd8 34. Qxf4 Bf5 35. g4 Bg6 36. Ne5 Be8 37. Qc4+ Rd5 38. Rd1 Bf7 39. Rd3 b5
40. Qxb5 Rxd3 41. Qxd3 Qc7 42. Nxf7 Kxf7 43. Qd5+ Kf6 1-0

[Event "9th Novi Sad it"]
[Site "Novi Sad"]
[Date "1982.10.13"]
[EventDate "1982.10.08"]
[Round "5.6"]
[White "Popovic, Petar"]
[Black "Deze, Anton"]
[Result "1/2-1/2"]
[WhiteElo "2460"]
[BlackElo "2435"]
[PlyCount "109"]
[Source "Perpetual Check"]

1. e4 c5 2. Nf3 Nc6 3. d4 cxd4 4. Nxd4 Nf6 5. Nc3 d6 6. Be2 e5 7. Nb3 Be7 8.
O-O O-O 9. Kh1 a5 10. Be3 Be6 11. Nd2 Rc8 12. Nc4 Nd4 13. Bxd4 Bxc4 14. Be3 Qc7
15. Bxc4 Qxc4 16. Bg5 b5 17. Qf3 Qe6 18. Bxf6 Bxf6 19. Qd3 Qc4 20. Nxb5 Qxc2
21. Qa3 Qc5 22. Qxc5 Rxc5 23. Nxd6 Be7 24. Nf5 Bg5 25. h4 Bd2 26. b3 Rc2 27.
Nd6 f6 28. Nc4 a4 29. Kg1 Rb8 30. Rab1 Rxa2 31. bxa4 Ra8 32. Rfd1 Bh6 33. a5 g6
34. Rb6 Bg7 35. Rb7 Rc2 36. Rdd7 Bf8 37. Rbc7 h5 38. g3 Rc3 39. Ne3 Rxc7 40.
Rxc7 Rxa5 41. Nd5 Ra6 42. Kg2 Rd6 43. Kf3 f5 44. Ke3 Bh6+ 45. Kd3 f4 46. Ke2
fxg3 47. fxg3 Ra6 48. Kf3 Kf8 49. Rc3 Kf7 50. Rb3 Bc1 51. Rb7+ Kf8 52. Nb6 Ra3+
53. Kg2 Ra2+ 54. Kh3 Rb2 55. Nd7+ 1/2-1/2